Language Quiz

Random Language Quiz

What do you get when you cross Quiz Stats

 Plays Quiz not verified by Sporcle

Challenge
Share
Tweet
Embed
Score 0/10 Timer 20:00
0 Plays Today
Hint Answer % Correct
Alaska and an ovenBaked Alaska
66.7%
Beetles and a rabbitBugs Bunny
33.3%
An elephant with an airplaneA jumbo jet
16.7%
Rain and infallibilityA perfect storm
16.7%
An eastern european and a gluttonA hungarian
16.7%
A Genius and a split in the groundA wise crack
16.7%
chewy candy with a duckTaffy Duck
0%
A giraffe and tennis shoesA rubber neck
0%
A frog with sidelinesLeaps and bounds
0%
A yo-yo and a yellow lightA slow yo
0%

You're not logged in!

Compare scores with friends on all Sporcle quizzes.
OR
Log In

You Might Also Like...

Show Comments

Extras

Created Jul 27, 2017ReportNominate
Tags:idiom, pun

Top Quizzes Today


Score Distribution

Your Account Isn't Verified!

In order to create a playlist on Sporcle, you need to verify the email address you used during registration. Go to your Sporcle Settings to finish the process.

Report this User

Report this user for behavior that violates our Community Guidelines.

Details: